List of all Roman Emperors - with Pictures - Statistics

General Stats
  • This quiz has been taken 535 times
  • The average score is 32 of 86
Answer Stats
Picture Hint Answer % Correct
27 BC - 14 AD (Julio-Claudian dynasty) Augustus
99%
54-68 (Julio-Claudian dynasty) Nero
88%
37-41 (Julio-Claudian dynasty) Caligula
82%
14-37 (Julio-Claudian dynasty) Tiberius
82%
41-54 (Julio-Claudian dynasty) Claudius
81%
117-138 (Nerva-Antonine dynasty) Hadrian
67%
98-117 (Nerva-Antonine dynasty) Trajan
67%
96-98 (Nerva-Antonine dynasty) Nerva
66%
161-180 (Nerva-Antonine dynasty) Marcus Aurelius
64%
68-69 Galba
63%
79-81 (Flavian dynasty) Titus
63%
69-79 (Flavian dynasty) Vespasian
63%
180-192 (Nerva-Antonine dynasty) Commodus
61%
69 Otho
59%
81-96 (Flavian dynasty) Domitian
57%
193-211 (Severan dynasty) Septimius Severus
55%
138-161 (Nerva-Antonine dynasty) Antoninus Pius
54%
306-337 / West, sole ruler from 324 (Constantinian dynasty) Constantine I the Great
53%
69 Vitellius
53%
211-217 (Severan dynasty) Caracalla
49%
161-169 (Nerva-Antonine dynasty) Lucius Verus
45%
284-305 / Sole ruler, then emperor in the east Diocletian
43%
218-222 (Severan dynasty) Elagabalus
43%
193 Pertinax
43%
222-235 (Severan dynasty) Severus Alexander
40%
379-395 / East, sole ruler from 392 (Theodosian dynasty) Theodosius I the Great
40%
217-218 Macrinus
38%
235-238 Maximinus Thrax
38%
193 Didius Julianus
37%
238 Gordian I
37%
244-249 Philippus Arabs
37%
238 Gordian II
35%
270-275 Aurelian
34%
238-244 Gordian III
34%
364-375 / West (Valentinian dynasty) Valentinian I
34%
340-350 / West (Constantinian dynasty) Constans
33%
337-340 / West (Constantinian dynasty) Constantine II
33%
238 Pupienus
33%
238 Balbinus
32%
361-363 / Sole ruler (Constantinian dynasty) Julian the Apostate
32%
286-305 / West Maximian
32%
475-476 / West Romulus Augustulus
32%
305-306 / West Constantius I Chlorus
31%
364-378 / East (Valentinian dynasty) Valens
31%
253-260 Valerian
31%
395-423 / West (Theodosian dynasty) Honorius
30%
395-408 / East (Theodosian dynasty) Arcadius
29%
249-251 Decius
29%
305-311 / East Galerius
29%
306-312 / Italy Maxentius
29%
283-284 Numerian
29%
337-361 / East (Constantinian dynasty) Constantius II
28%
276-282 Probus
28%
275-276 Tacitus
28%
408-450 / East (Theodosian dynasty) Theodosius II
28%
283-285 Carinus
27%
282-283 Carus
27%
260-268 Gallienus
27%
363-364 / Sole ruler (Constantinian dynasty) Jovian
27%
270 Quintillus
27%
388-392 / West (Valentinian dynasty) Valentinian II
27%
268-270 Claudius Gothicus
26%
276 Florianus
26%
308-313 West / 313-324 East Licinius
26%
375-383 / West (Valentinian dynasty) Gratian
25%
474-475 / West Julius Nepos
25%
251-253 Trebonianus Gallus
25%
457-461 / West Majorian
24%
425-455 / West (Theodosian dynasty) Valentinian III
24%
457-474 / East (Thracian dynasty) Leo I
23%
253 Aemilianus
22%
473-474 / West Glycerius
22%
472 / West Olybrius
22%
474-491 / East (Thracian dynasty) Zeno
22%
467-472 / West Anthemius
21%
423-425 / West John
21%
455-456 / West Avitus
20%
450-457 / East (Theodosian dynasty) Marcian
20%
306-307 / West Severus II
20%
474 / East (Thracian dynasty) Leo II
19%
310-313 / East Maximinus II Daza
19%
455 / West Petronius Maximus
19%
491-518 / East (Thracian dynasty) Anastasius I
17%
475-476 / East (Thracian dynasty) Basiliscus
15%
383-388 / West Magnus Maximus
13%
461-465 / West Severus III
13%
No matching quizzes found
Score Distribution
Percent of People with Each Score
Percentile by Number Answered
Your Score History
You have not taken this quiz